| 000 | 01004cam a22003257a 4500 | ||
|---|---|---|---|
| 003 | CHAP | ||
| 005 | 20250913062740.0 | ||
| 008 | 971013s r 00010 d | ||
| 010 | _a1401 | ||
| 011 | _a2373 | ||
| 035 | _a1566 | ||
| 040 | _cCHAP | ||
| 082 |
_a631.51 _bP4y |
||
| 100 | 0 | 0 |
_aPhillips, Shirley H. _987837 |
| 245 | 0 |
_aAgricultura sin laboreo _b: labranza cero |
|
| 260 |
_aMontevideo, Uruguay : _bHemisferio sur, _c[198?] |
||
| 300 |
_a223 p. _b: ilus. |
||
| 590 |
_aBATCH-UPD _b10 _c20130110 _lUCH01 _h1937 |
||
| 590 |
_aBATCH-UPD _b10 _c20130410 _lUCH01 _h1301 |
||
| 590 |
_aBATCH-UPD _b10 _c20130914 _lUCH01 _h1315 |
||
| 590 |
_aCONVERSION _b10 _c20130109 _lUCH01 _h1302 |
||
| 650 | 1 | 4 |
_aErosión. _937335 |
| 650 | 1 | 4 |
_aLabranza cero. _964307 |
| 650 | 1 | 7 |
_aLabranza _xEfecto en suelos _2 _964305 |
| 650 | 1 | 4 |
_aSistemas de cultivo. _9106746 |
| 700 | 0 |
_aYoung, Harry M., Jr. _9123215 |
|
| 901 | _aBK | ||
| 942 | _cLIBRO | ||
| 949 |
_a631.51 P4y _bBC _cLIBRO _d33724000921011 _eLIBRO _h12544 _i1566 _si |
||
| 999 |
_c1401 _d1401 |
||